000 01304nam a2200301 4500
001 0000021379
003 CO-CtgCURN
005 20250331184446.0
007 ta
008 160627s1999 000 0 eng d
020 _a9506792526
040 _aCO-CtgCURN
_bspa
_ccoctgcurn
082 0 _a346.074
_bM177m
100 1 _aMartínez Botos, Raul.
245 1 0 _aMedidas cautelares :
_bembargabilidad e inembargabilidad. Embargo preventivo. Secuestro. Inhibicion de bienes. Prohibicion de innovar. Intervencion judicial. Anotacion de litis. Jurisprudencia, modelos y legislacion /
_cRaul Martínez Botos.
250 _a4a ed. reestructurada y amplada / Victor de Santo.
260 _aBuenos Aires :
_bEditorial Universidad,
_c1999.
300 _a531 p.
336 _2rdacontent
337 _2rdamedia
_asin mediacion
_bn
338 _2rdacarrier
_avolumen
_bnc
504 _aBibliografia (p. 517-519)
505 8 _aEmbargo preventivo.--Embargabilidad e inembargabilidad.--Inhibicion y medidas similares.--Prohibicion de innovar y contratar.--Intervencion judicial.--Medidas cautelares sobre las personas.--Normas legales.--Modelos
650 1 4 _aEmbargo.
908 _a160627
942 _cBK
_h346.074
_iM177m
_2ddc
999 _c20282
_d20282